000 00472cam a2200181ua 4500
020 _c85.00
041 _aeng
_h
082 _a630.9
_bRAN/HI
100 _aRandhawa, M S .
245 _aHistory of agriculture in India,Vol 4 /
_cM.S.Randhawa.
_hTextual Documents
250 _a1 /
_b.
260 _aNew Delhi :
_bIndian Council for Agricultural Research ,
_c1986.
300 _a716 ; .
365 _a85.00
504 _a
942 _cBK
999 _c2584
_d2584